| 000 | 00596nam a2200217 4500 | ||
|---|---|---|---|
| 001 | 116640 | ||
| 003 | ES-MaACL | ||
| 007 | t| | ||
| 008 | 061121s1985 sp r ||||1| spa d | ||
| 020 | _a84-01-38047-2 | ||
| 100 | 1 |
_aOtero Silva, Miguel. _987920 |
|
| 245 | 1 | 3 |
_aLa piedra que era Cristo / _cMiguel Otero Silva. |
| 250 | _a1ª. ed. | ||
| 260 |
_aBarcelona : _bPlaza & Janés, _c1985. |
||
| 300 |
_a199 p. ; _c19 cm. |
||
| 490 | 1 | _aLiteraria | |
| 830 | 0 |
_aLiteraria _9178137 |
|
| 852 |
_aES-MaACL _jL-9348 _bR.111171 |
||
| 852 |
_aES-MaACL _jL-9543 _bR.110753 |
||
| 999 |
_c116640 _d116640 |
||